000 00856nas a2200289 4500
001 BR0203706
003 BR-BrBNA
005 20231205103124.0
007 ta
008 230509b bl.|||p| |||| 00| 00por d
040 _aBR-BrBNA
_bpor
_cBiblioteca Nacional de Agricultura
041 _a(Pt)
072 _aF03
100 1 _aAlmeida, F. de A.C.
100 1 _aPedrosa, J.P.
100 1 _aSilva, A.Q. da
245 1 _aEfeito da salinidade sobre a germinação e vigor de sementes de leucena (Leucaena leucocephala, Lam.)
650 _aLEUCAENA
650 _aSEMENTE
650 _aGERMINAÇÃO
650 _aSALINIDADE
650 _aCLORETO
650 _aSÓDIO
773 0 _tAgropecuária Técnica (Brazil)
_xISSN 0100-7467
_g(Jan-Dec 1997), v. 18(1-2) p. 9-16
_wBR0203706
909 _a202311
_bLúcia
_c55
_dLúcia Elande
942 _2AGRIS
_n0
_cANA
999 _c171197
_d171197